Michael Blackson Filmography - Statistics

General Stats
  • This quiz has been taken 5 times
    2 since last reset
  • The average score is 5 of 67
Answer Stats
Type Year Name % Correct
Film 2016 Meet the Blacks
100%
Film 2000 Next Friday
100%
Film 2021 The House Next Door: Meet the Blacks 2
100%
TV Show 2017-2019 Wild 'N Out
100%
Web Series 2023 The Michael Blackson Show
50%
Film TBA 16 Bars the Movie
0%
Award Show 2019 2019 Hollywood and African Prestigious Awards
0%
TV Show 2006 30 Rock
0%
TV Show 2017 50 Central
0%
Film 2020 American Dream
0%
Film 2019 Angel and the Mailman
0%
Film TBA Another Lick
0%
Documentary TBA Another West Side Story
0%
TV Show 2011 Are We There Yet?
0%
TV Show TBA Backstage Pass
0%
Film 2007 Banana Leaves
0%
TV Show 2000, 2008 BET's Comicview
0%
Web Series 2014 Blackson's Basement
0%
Film 2007 Black Supaman
0%
Web Series 2020 Casting One Mo' Chance
0%
Film TBA Caught Up In
0%
TV Short 2013 Coffin Dodgers
0%
Film 2021 Coming 2 America
0%
Music Video 2020 Czar
0%
Music Video 2008 Dat Baby Don't Look Like Me
0%
Web Series 2019 Dr. Blackson
0%
Film 2018 Easy Money
0%
Film 2010 Ex$pendable
0%
Film 2018 Got My Hustle Up
0%
TV Show 2017-2019 Hip Hop Squares
0%
Film 2019 I Got the Hook Ups 2
0%
TV Film 2012 In Sickness and in Health
0%
Film 2008 Internet Dating
0%
TV Show 2015 In the Cut
0%
Film 2014 Kony Montana
0%
TV Show 2017, 2018 Leave It to Stevie
0%
TV Show 2018 Love & Hip Hop: Atlanta
0%
TV Show 2019 Love & Listings
0%
Film 2015 More Money, More Family
0%
TV Show 2021 MTV Cribs
0%
Film 2013 Mutumbo the Lost Prince
0%
Film 2010 My American Nurse 2
0%
TV Mini-Series 2014 My American Queen
0%
Film 2018 Nobody's Fool
0%
Film 2013 One Night in Vegas
0%
Film 2006 Repos
0%
Web Series 2018 Rich Africans
0%
Special Video 2010 Shaquille O'Neal Presents: All-Star Comedy Jam - Live from Dallas
0%
TV Show 2022 Sherman's Showcase
0%
TV Show 2002 Showtime
0%
Film 2018 Sliders
0%
TV Show 1995 Snaps
0%
Film 2021 Someday Isles
0%
Music Video 2014 Sugar Daddy
0%
Film 2014 The Bill Collector
0%
Film 2006 The Last Stand
0%
Film 2019 The Lick Movie
0%
Film 2009 The Mail Man
0%
Film 2007 The Savages
0%
Film 2018 The Stuff
0%
TV Film 2016 The Substitute
0%
Film 2011 Threading Needles
0%
Film 2015 Tooken
0%
TV Show 2019 Transitions
0%
TV Show 2021 VH1 Couples Retreat
0%
Film 2009 What We Do
0%
Film 2007 You're Triflin
0%
No matching quizzes found
Score Distribution
Percent of People with Each Score
Percentile by Number Answered
Your Score History
You have not taken this quiz since the last reset